[Event "SLO-chT3 West"]
[Site "Komenda"]
[Date "2022.12.09"]
[Round "1.4"]
[White "Beletic, Daniel"]
[Black "Ocepek, Marjan"]
[Result "1/2-1/2"]
[WhiteElo "2294"]
[BlackElo "1582"]
[PlyCount "85"]
[EventDate "2022.12.09"]
[EventType "team-swiss"]
[EventRounds "5"]
[EventCountry "SLO"]
[SourceTitle "EXT 2024"]
[Source "ChessBase"]
[SourceDate "2023.10.10"]
[SourceVersion "1"]
[SourceVersionDate "2023.10.10"]
[SourceQuality "1"]
[WhiteTeam "Posocje"]
[BlackTeam "Menges Trzin"]
[WhiteTeamCountry "SLO"]
[BlackTeamCountry "SLO"]

1. d4 Nf6 2. c4 g6 3. Nc3 d5 4. cxd5 Nxd5 5. e4 Nxc3 6. bxc3 c5 7. Bc4 Bg7 8. Ne2 Qa5 9. 0-0 0-0 10. Be3 cxd4 11. cxd4 Nc6 12. d5 Ne5 13. Bb3 Bd7 14. h3 Bb5 15. f4 Nc4 16. Bd4 Nd2 17. Bxg7 Kxg7 18. Re1 Qb6+ 19. Kh1 Nxe4 20. Qd4+ Nf6 21. Qxb6 axb6 22. Nd4 Bd7 23. Rxe7 Rfe8 24. Rae1 Rad8 25. d6 Rf8 26. g4 Bc6+ 27. Kg1 Kg8 28. Nxc6 bxc6 29. Rd1 Nd7 30. Rc1 Nc5 31. Rxc5 bxc5 32. d7 h6 33. g5 hxg5 34. fxg5 Kg7 35. Bc4 Rb8 36. Kg2 Rb2+ 37. Kg3 Rd2 38. Kf3 Rd4 39. Be6 Rd3+ 40. Ke2 Rd6 41. Bc4 Rd4 42. Be6 Rd6 43. Bc4 1/2-1/2

[Event "Ljubljana-chT 74th"]
[Site "Ljubljana"]
[Date "2022.02.10"]
[Round "5.2"]
[White "Ocepek, Marjan"]
[Black "Mlacnik, Janez"]
[Result "1/2-1/2"]
[WhiteElo "1597"]
[BlackElo "1824"]
[PlyCount "38"]
[EventDate "2022.01.13"]
[EventType "team-swiss"]
[EventRounds "9"]
[EventCountry "SLO"]
[SourceTitle "EXT 2024"]
[Source "ChessBase"]
[SourceDate "2023.10.10"]
[SourceVersion "1"]
[SourceVersionDate "2023.10.10"]
[SourceQuality "1"]
[WhiteTeam "Menges Trzin II"]
[BlackTeam "Ljubljana Karel Jeraj"]
[WhiteTeamCountry "SLO"]
[BlackTeamCountry "SLO"]

1. c4 f5 2. Nf3 Nf6 3. e3 e6 4. d4 d5 5. cxd5 exd5 6. Bd3 Bd6 7. Qc2 Ne4 8. Nc3 c6 9. Bd2 Nd7 10. h4 Ndf6 11. Bxe4 Nxe4 12. Ne5 0-0 13. f3 Nxd2 14. Qxd2 Be6 15. f4 a6 16. g3 c5 17. Kf2 b5 18. Rad1 c4 19. a3 Qc7 1/2-1/2

[Event "Ljubljana-chT 73rd"]
[Site "Ljubljana"]
[Date "2020.02.27"]
[Round "5.3"]
[White "Ocepek, Marjan"]
[Black "Mikulic, Anze"]
[Result "1-0"]
[WhiteElo "1591"]
[BlackElo "1506"]
[PlyCount "49"]
[EventDate "2020.01.16"]
[EventType "team-swiss"]
[EventRounds "6"]
[EventCountry "SLO"]
[SourceTitle "EXT 2024"]
[Source "ChessBase"]
[SourceDate "2023.10.10"]
[SourceVersion "1"]
[SourceVersionDate "2023.10.10"]
[SourceQuality "1"]
[WhiteTeam "Menges Trzin"]
[BlackTeam "Ljubljana SK"]
[WhiteTeamCountry "SLO"]
[BlackTeamCountry "SLO"]

1. e4 e6 2. d4 b6 3. Nf3 c5 4. d5 Nf6 5. Bg5 h6 6. Bxf6 Qxf6 7. Nc3 Bd6 8. Bc4 Bf4 9. g3 Bc7 10. Nb5 Na6 11. 0-0 d6 12. dxe6 0-0 13. exf7+ Kh8 14. Nh4 Bb7 15. Nc3 Nb4 16. Qh5 Kh7 17. Rac1 g5 18. Nf5 Bxe4 19. Nxd6 Bf3 20. Ne8 Qc6 21. g4 Bg2 22. Rfe1 Rd8 23. Re6 Bxh2+ 24. Kxh2 Rd2 25. Qxh6# 1-0

[Event "Ljubljana-chT 73rd"]
[Site "Ljubljana"]
[Date "2020.02.06"]
[Round "3.3"]
[White "Cijan, Alojz"]
[Black "Ocepek, Marjan"]
[Result "1/2-1/2"]
[WhiteElo "1633"]
[BlackElo "1591"]
[PlyCount "37"]
[EventDate "2020.01.16"]
[EventType "team-swiss"]
[EventRounds "6"]
[EventCountry "SLO"]
[SourceTitle "EXT 2024"]
[Source "ChessBase"]
[SourceDate "2023.10.10"]
[SourceVersion "1"]
[SourceVersionDate "2023.10.10"]
[SourceQuality "1"]
[WhiteTeam "Crni Graben"]
[BlackTeam "Menges Trzin"]
[WhiteTeamCountry "SLO"]
[BlackTeamCountry "SLO"]

1. e4 d6 2. c4 Nf6 3. Nc3 c5 4. h3 Nc6 5. d3 e6 6. g3 Be7 7. Bg2 Bd7 8. Nge2 a6 9. b3 Rb8 10. Bd2 h6 11. Be3 e5 12. f4 Nd4 13. 0-0 0-0 14. f5 Nh7 15. Bxd4 cxd4 16. Nd5 g5 17. Kh2 f6 18. g4 Bc6 19. Rh1 1/2-1/2

[Event "SLO-chT3 West"]
[Site "Komenda"]
[Date "2019.12.07"]
[Round "3.1"]
[White "Ocepek, Marjan"]
[Black "Mlacnik, Janez"]
[Result "1/2-1/2"]
[WhiteElo "1581"]
[BlackElo "1783"]
[PlyCount "46"]
[EventDate "2019.12.06"]
[EventType "team-swiss"]
[EventRounds "5"]
[EventCountry "SLO"]
[SourceTitle "EXT 2024"]
[Source "ChessBase"]
[SourceDate "2023.10.10"]
[SourceVersion "1"]
[SourceVersionDate "2023.10.10"]
[SourceQuality "1"]
[WhiteTeam "Menges Trzin"]
[BlackTeam "Ljubljana Karel Jeraj"]
[WhiteTeamCountry "SLO"]
[BlackTeamCountry "SLO"]

1. e4 d6 2. d4 Nf6 3. Nc3 g6 4. Bg5 Bg7 5. Bd3 Nc6 6. Nge2 0-0 7. Qd2 e5 8. d5 Ne7 9. 0-0 Nd7 10. f4 f6 11. Bh4 exf4 12. Nxf4 Ne5 13. Bf2 Nxd3 14. Qxd3 Kh8 15. Rae1 Ng8 16. Bd4 Nh6 17. h3 Nf7 18. Qg3 Ne5 19. Nce2 Qe8 20. Rd1 Qf7 21. Rde1 Qe8 22. Rd1 Qf7 23. Rde1 Qe8 1/2-1/2

[Event "SLO-CupT"]
[Site "Komenda"]
[Date "2018.06.02"]
[Round "2.2"]
[White "Ocepek, Marjan"]
[Black "Brinovec, Dusan"]
[Result "0-1"]
[WhiteElo "1607"]
[BlackElo "2217"]
[PlyCount "76"]
[EventDate "2018.06.01"]
[EventType "team-swiss"]
[EventRounds "5"]
[EventCountry "SLO"]
[SourceTitle "EXT 2020"]
[Source "ChessBase"]
[SourceDate "2019.10.17"]
[SourceVersion "1"]
[SourceVersionDate "2019.10.17"]
[SourceQuality "1"]
[WhiteTeam "Meneges Trzin"]
[BlackTeam "Zalec"]
[WhiteTeamCountry "SLO"]
[BlackTeamCountry "SLO"]

1. e4 c5 2. Nf3 e6 3. c3 Nc6 4. d4 d5 5. e5 f6 6. Bb5 Qb6 7. Bxc6+ bxc6 8. 0-0 f5 9. a3 a5 10. dxc5 Bxc5 11. Nd4 a4 12. b4 axb3 13. Nxb3 Be7 14. N1d2 Nh6 15. Nf3 Nf7 16. Re1 0-0 17. Qc2 c5 18. Be3 Bd7 19. Reb1 Qc7 20. h4 Ba4 21. Qe2 Rfb8 22. Nbd2 Qa5 23. c4 d4 24. Bf4 Bc2 25. Rxb8+ Rxb8 26. Ra2 Qa4 27. Ne1 Bd1 28. Qd3 Bh5 29. g3 Bd1 30. Kg2 g5 31. Ra1 gxf4 32. gxf4 Kh8 33. Kh2 Bh5 34. Nc2 Rb2 35. Rc1 Bg6 36. Kg2 Bd8 37. Nf3 Rb3 38. Qe2 d3 0-1

[Event "Ljubljana-chT 71st 1st League"]
[Site "Ljubljana"]
[Date "2018.04.05"]
[Round "9.2"]
[White "Jakob, Matthias1"]
[Black "Ocepek, Marjan"]
[Result "1-0"]
[WhiteElo "2003"]
[BlackElo "1607"]
[PlyCount "77"]
[EventDate "2018.01.11"]
[EventType "team-tourn"]
[EventRounds "9"]
[EventCountry "SLO"]
[SourceTitle "EXT 2024"]
[Source "ChessBase"]
[SourceDate "2023.10.10"]
[SourceVersion "1"]
[SourceVersionDate "2023.10.10"]
[SourceQuality "1"]
[WhiteTeam "Medvode Vittori Swimmear"]
[BlackTeam "Menges Trzin II"]
[WhiteTeamCountry "SLO"]
[BlackTeamCountry "SLO"]

1. e4 c5 2. Nf3 d6 3. d4 cxd4 4. Nxd4 Nf6 5. Nc3 g6 6. Be3 Bg7 7. f3 a6 8. Qd2 Nc6 9. 0-0-0 Bd7 10. Kb1 Qc7 11. g4 Be6 12. h4 0-0-0 13. g5 Nd7 14. Nxe6 fxe6 15. Bh3 Nce5 16. Qe2 Nc4 17. Bd4 e5 18. Nd5 Qa5 19. Qxc4+ Kb8 20. Bc3 Qc5 21. Qxc5 Nxc5 22. Nxe7 Rhf8 23. Rhf1 Rf4 24. b4 Na4 25. Be1 Rf7 26. Nd5 b5 27. Rd3 Kb7 28. Bf2 Rdf8 29. Bg1 Kc6 30. Be6 Rb7 31. Rfd1 Rd8 32. Nf6 Kc7 33. Bb3 h6 34. Nd5+ Kd7 35. a3 a5 36. Bxa4 bxa4 37. Nb6+ Kc6 38. Rc3+ Kb5 39. Rd5+ 1-0

[Event "Ljubljana Winter op"]
[Site "Ljubljana"]
[Date "2014.04.01"]
[Round "8"]
[White "Marn, Jan"]
[Black "Ocepek, Marjan"]
[Result "0-1"]
[WhiteElo "1329"]
[BlackElo "1651"]
[PlyCount "46"]
[EventDate "2014.01.08"]
[EventType "swiss"]
[EventRounds "9"]
[EventCountry "SLO"]
[SourceTitle "EXT 2023"]
[Source "ChessBase"]
[SourceDate "2022.10.05"]
[SourceVersion "1"]
[SourceVersionDate "2022.10.05"]
[SourceQuality "1"]

1. e4 c5 2. Nf3 d6 3. d4 cxd4 4. Nxd4 Nf6 5. Nc3 e6 6. Be2 Be7 7. Be3 Nc6 8. 0-0 0-0 9. f4 Bd7 10. Bf3 a6 11. g4 h6 12. h4 Nh7 13. g5 f5 14. exf5 exf5 15. Bxc6 bxc6 16. Rf2 c5 17. Nf3 Bc6 18. Rg2 Kh8 19. gxh6 gxh6 20. Bf2 Rg8 21. Rxg8+ Qxg8+ 22. Kh2 Qg4 23. Nd5 Rg8 0-1

[Event "Ljubljana Winter op"]
[Site "Ljubljana"]
[Date "2014.03.26"]
[Round "9"]
[White "Ocepek, Marjan"]
[Black "Milicevic, David"]
[Result "1/2-1/2"]
[WhiteElo "1651"]
[BlackElo "1574"]
[PlyCount "137"]
[EventDate "2014.01.08"]
[EventType "swiss"]
[EventRounds "9"]
[EventCountry "SLO"]
[SourceTitle "EXT 2023"]
[Source "ChessBase"]
[SourceDate "2022.10.05"]
[SourceVersion "1"]
[SourceVersionDate "2022.10.05"]
[SourceQuality "1"]

1. Nf3 d5 2. d4 Bf5 3. e3 e6 4. Bd3 Bxd3 5. Qxd3 Nf6 6. Qb5+ Nbd7 7. Qxb7 Bd6 8. Nbd2 0-0 9. Qb5 c5 10. Qe2 Qa5 11. 0-0 c4 12. c3 Qc7 13. e4 dxe4 14. Nxe4 Nxe4 15. Qxe4 Nf6 16. Qe2 a5 17. Bg5 Nd5 18. Rfe1 a4 19. a3 Rab8 20. Rab1 Bxa3 21. Qc2 Bd6 22. Ra1 a3 23. Bc1 axb2 24. Bxb2 Rb3 25. g3 Rfb8 26. Ra2 Qb7 27. Re2 Nxc3 28. Bxc3 Qxf3 29. Bb2 Qd3 30. Rd2 Qxc2 31. Rxc2 Rc8 32. Ra6 Bf8 33. Kg2 h6 34. h4 Rd3 35. Bc3 Be7 36. Rb6 Bf6 37. Rd6 Kf8 38. Rd7 Ke8 39. Rd6 Rd8 40. Rc6 Bxd4 41. Bxd4 R3xd4 42. R2xc4 Rxc4 43. Rxc4 Ke7 44. Kf3 Rd5 45. Ke3 Kf6 46. g4 Re5+ 47. Kf3 g5 48. h5 Rd5 49. Ke4 Re5+ 50. Kf3 Re1 51. Rc7 e5 52. Rc6+ Kg7 53. Rd6 e4+ 54. Kg2 e3 55. fxe3 Rxe3 56. Rc6 Re6 57. Rc5 Kf6 58. Kf3 Kg7 59. Rc7 Re1 60. Kf2 Re4 61. Kf3 Rf4+ 62. Kg3 Kf8 63. Rc6 Kg7 64. Rc7 Rf6 65. Rc8 Rf1 66. Rc7 Rf4 67. Rd7 Kf8 68. Rd6 f6 69. Rd7 1/2-1/2

[Event "Ljubljana Winter op"]
[Site "Ljubljana"]
[Date "2014.02.12"]
[Round "5"]
[White "Malkoc, Patrik"]
[Black "Ocepek, Marjan"]
[Result "0-1"]
[WhiteElo "1192"]
[BlackElo "1651"]
[PlyCount "42"]
[EventDate "2014.01.08"]
[EventType "swiss"]
[EventRounds "9"]
[EventCountry "SLO"]
[SourceTitle "EXT 2023"]
[Source "ChessBase"]
[SourceDate "2022.10.05"]
[SourceVersion "1"]
[SourceVersionDate "2022.10.05"]
[SourceQuality "1"]

1. e4 c5 2. Bc4 e6 3. Qf3 Nc6 4. Nc3 Nf6 5. d3 Nd4 6. Qd1 d6 7. Nge2 Be7 8. Nb5 e5 9. c3 Ne6 10. Qa4 0-0 11. 0-0 Bd7 12. Qb3 a6 13. Na3 Qc7 14. f4 b5 15. Bd5 Rac8 16. f5 Nd8 17. Rf3 Nxd5 18. Qxd5 Kh8 19. d4 Bc6 20. Qb3 Bxe4 21. Rg3 c4 0-1

[Event "Ljubljana Autumn op"]
[Site "Ljubljana"]
[Date "2013.12.04"]
[Round "8"]
[White "Ocepek, Marjan"]
[Black "Straze, Matija"]
[Result "0-1"]
[WhiteElo "1722"]
[BlackElo "1604"]
[PlyCount "82"]
[EventDate "2013.09.04"]
[EventType "swiss"]
[EventRounds "9"]
[EventCountry "SLO"]
[SourceTitle "EXT 2023"]
[Source "ChessBase"]
[SourceDate "2022.10.05"]
[SourceVersion "1"]
[SourceVersionDate "2022.10.05"]
[SourceQuality "1"]

1. c4 d6 2. d4 Nf6 3. Nc3 g6 4. g3 Bg7 5. Bg2 0-0 6. Nf3 Nbd7 7. e4 e5 8. dxe5 Nxe5 9. Nxe5 dxe5 10. Bg5 Be6 11. Qe2 c6 12. Rd1 Qa5 13. 0-0 Qb4 14. a3 Qxc4 15. Rd3 Rad8 16. Rfd1 Rxd3 17. Rxd3 Qc5 18. Qd2 Qe7 19. Rd6 Qc7 20. b4 Nd7 21. h4 h6 22. Be3 Ra8 23. Qd1 Nb6 24. Bf1 Bf8 25. Rd2 Kh7 26. f4 Bg7 27. Na4 exf4 28. gxf4 Bf6 29. Rh2 Rd8 30. Qc2 Nxa4 31. Qxa4 Bd4 32. Bxd4 Rxd4 33. Qxa7 Rxe4 34. Rf2 Rxf4 35. Rd2 Rg4+ 36. Bg2 Bd5 37. Kf1 Qf4+ 38. Qf2 Qxf2+ 39. Rxf2 Rxg2 40. Rxg2 Bxg2+ 41. Kxg2 g5 0-1

[Event "SLO-chT Central 1st League 14th"]
[Site "Slovenia"]
[Date "2013.10.24"]
[Round "5.4"]
[White "Siraj, Anej"]
[Black "Ocepek, Marjan"]
[Result "1-0"]
[WhiteElo "1450"]
[BlackElo "1722"]
[PlyCount "57"]
[EventDate "2013.09.19"]
[EventType "team-swiss"]
[EventRounds "9"]
[EventCountry "SLO"]
[SourceTitle "EXT 2022"]
[Source "ChessBase"]
[SourceDate "2021.10.06"]
[SourceVersion "1"]
[SourceVersionDate "2021.10.06"]
[SourceQuality "1"]

1. e4 c5 2. Nf3 d6 3. d4 cxd4 4. Nxd4 Nf6 5. Nc3 a6 6. Be3 e6 7. Be2 Be7 8. 0-0 0-0 9. Kh1 Nc6 10. Nxc6 bxc6 11. f4 Qc7 12. Qe1 Kh8 13. Rf3 Ng4 14. Rg3 Nxe3 15. Rxe3 Rb8 16. b3 Bf6 17. Rh3 Rb4 18. a3 Rb8 19. Bd3 Bxc3 20. Qxc3 f6 21. Qe1 g6 22. e5 f5 23. exd6 Qxd6 24. Qh4 Rf7 25. Rd1 Qe7 26. Qh6 Rg7 27. Bc4 Bd7 28. Rhd3 Rb7 29. Bxa6 1-0

[Event "SLO-chT Central 1st League 14th"]
[Site "Slovenia"]
[Date "2013.09.26"]
[Round "2.3"]
[White "Ocepek, Marjan"]
[Black "Borstnik, Ales"]
[Result "0-1"]
[WhiteElo "1722"]
[BlackElo "1737"]
[PlyCount "90"]
[EventDate "2013.09.19"]
[EventType "team-swiss"]
[EventRounds "9"]
[EventCountry "SLO"]
[SourceTitle "EXT 2022"]
[Source "ChessBase"]
[SourceDate "2021.10.06"]
[SourceVersion "1"]
[SourceVersionDate "2021.10.06"]
[SourceQuality "1"]

1. d4 Nf6 2. Nf3 g6 3. g3 Bg7 4. c4 0-0 5. Nc3 d6 6. Bg2 Nbd7 7. e4 e5 8. d5 Nc5 9. Bg5 h6 10. Bxf6 Qxf6 11. b4 Nd7 12. 0-0 Qe7 13. Nh4 Nf6 14. h3 a6 15. Rc1 Bd7 16. a4 a5 17. b5 b6 18. Qd3 Nh5 19. Kh2 Bf6 20. Nf3 Kh7 21. Ne2 Rg8 22. Nd2 Raf8 23. f3 Bg5 24. f4 exf4 25. Nxf4 Bxf4 26. gxf4 f5 27. Rce1 Qh4 28. Qf3 fxe4 29. Rxe4 Bf5 30. Re3 Re8 31. Rfe1 Rxe3 32. Rxe3 Rg7 33. Bf1 Qxf4+ 34. Qxf4 Nxf4 35. Ne4 Rf7 36. Kg3 g5 37. Nf2 Kg6 38. Re8 Bc2 39. Re3 Bxa4 40. h4 Bc2 41. hxg5 hxg5 42. Rc3 Bf5 43. Ng4 Nh5+ 44. Kh3 Bxg4+ 45. Kxg4 Rxf1 0-1

[Event "SLO-chT Central 2nd League"]
[Site "Slovenia"]
[Date "2010.11.04"]
[Round "7.4"]
[White "Sansoni, Vojko"]
[Black "Ocepek, Marjan"]
[Result "1-0"]
[WhiteElo "1525"]
[BlackElo "1611"]
[PlyCount "107"]
[EventDate "2010.09.09"]
[EventType "team-tourn"]
[EventRounds "9"]
[EventCountry "SLO"]
[SourceTitle "EXT 2022"]
[Source "ChessBase"]
[SourceDate "2021.10.06"]
[SourceVersion "1"]
[SourceVersionDate "2021.10.06"]
[SourceQuality "1"]
[WhiteTeam "Podpec Prigo"]
[BlackTeam "Loka pri Mengsu"]
[WhiteTeamCountry "SLO"]
[BlackTeamCountry "SLO"]

1. e4 c5 2. c4 Nc6 3. Nc3 d6 4. h3 Nf6 5. Nf3 e6 6. Be2 Be7 7. d4 cxd4 8. Nxd4 Bd7 9. 0-0 0-0 10. Bf3 Ne5 11. b3 a6 12. Be2 Qc7 13. Bf4 Nc6 14. Nc2 Ne5 15. Bxe5 dxe5 16. Qd3 Bc6 17. Bf3 Bc5 18. Rad1 Qa5 19. Be2 Rad8 20. Qf3 Bd4 21. b4 Qc7 22. b5 axb5 23. cxb5 Bxb5 24. Nxd4 exd4 25. Nxb5 Qc5 26. Bd3 e5 27. Rc1 Qb6 28. Rc2 Ra8 29. Rfc1 h6 30. Qf5 Rae8 31. Rc5 g6 32. Qf3 Nd7 33. Rc7 Rd8 34. Qg3 h5 35. Qg5 Kg7 36. Qd2 Rfe8 37. Qb4 Nf8 38. Qc5 Qf6 39. Qc2 Qb6 40. Bc4 Ne6 41. Bxe6 Rxe6 42. Qd3 Qa6 43. R1c5 Qxa2 44. Rxb7 Rf6 45. f3 Qa1+ 46. Kh2 Re8 47. Rcc7 g5 48. Rd7 g4 49. Nd6 Rf8 50. Nf5+ Kg6 51. Qd2 Rh8 52. h4 Qf1 53. Qg5+ Kh7 54. Qg7# 1-0

[Event "Ljubljana-chT 62nd 1st League"]
[Site "Ljubljana"]
[Date "2009.02.19"]
[Round "7.3"]
[White "Janjic, Vitomir"]
[Black "Ocepek, Marjan"]
[Result "1-0"]
[WhiteElo "2004"]
[BlackElo "1663"]
[PlyCount "55"]
[EventDate "2009.01.08"]
[EventType "team-tourn"]
[EventRounds "9"]
[EventCountry "SLO"]
[SourceTitle "EXT 2022"]
[Source "ChessBase"]
[SourceDate "2021.10.06"]
[SourceVersion "1"]
[SourceVersionDate "2021.10.06"]
[SourceQuality "1"]
[WhiteTeam "Domzale SD"]
[BlackTeam "Loka pri Mengsu"]
[WhiteTeamCountry "SLO"]
[BlackTeamCountry "SLO"]

1. Nf3 Nf6 2. e3 d5 3. b3 Bg4 4. h3 Bh5 5. Be2 Nbd7 6. Bb2 e6 7. Ne5 Bxe2 8. Qxe2 Be7 9. 0-0 0-0 10. f4 Ne4 11. Nxd7 Qxd7 12. d3 Nd6 13. Nd2 Rad8 14. Nf3 f6 15. Rad1 Nf5 16. Kh2 Bd6 17. g4 Ne7 18. Kh1 c5 19. c4 Qc6 20. Qg2 Qe8 21. g5 Kh8 22. gxf6 gxf6 23. Rg1 Ng6 24. Nh4 Kg7 25. f5 exf5 26. Nxf5+ Kh8 27. cxd5 Be5 28. Bxe5 1-0

[Event "Ljubljana-chT 62nd 1st League"]
[Site "Ljubljana"]
[Date "2009.01.15"]
[Round "2.4"]
[White "Djurdjevic, Stanko"]
[Black "Ocepek, Marjan"]
[Result "1-0"]
[WhiteElo "1614"]
[BlackElo "1663"]
[PlyCount "93"]
[EventDate "2009.01.08"]
[EventType "team-tourn"]
[EventRounds "9"]
[EventCountry "SLO"]
[SourceTitle "EXT 2022"]
[Source "ChessBase"]
[SourceDate "2021.10.06"]
[SourceVersion "1"]
[SourceVersionDate "2021.10.06"]
[SourceQuality "1"]
[WhiteTeam "Zeleznicar"]
[BlackTeam "Loka pri Mengsu"]
[WhiteTeamCountry "SLO"]
[BlackTeamCountry "SLO"]

1. e4 c5 2. Nf3 d6 3. Bc4 Bg4 4. Bxf7+ Kd7 5. Ne5+ dxe5 6. Qxg4+ Kc7 7. Bxg8 Rxg8 8. Qe6 Rh8 9. Qxe5+ Qd6 10. Qc3 Nc6 11. Na3 a6 12. Nc4 Qg6 13. Qg3+ e5 14. Qxg6 hxg6 15. d3 b5 16. Ne3 Rd8 17. Bd2 Bd6 18. 0-0 Rdf8 19. a4 b4 20. a5 Nd4 21. Rac1 Ne2+ 22. Kh1 Nxc1 23. Bxc1 Kc6 24. b3 Bc7 25. Bb2 Rh5 26. Nc4 Kb5 27. Kg1 Rfh8 28. h3 Rg5 29. Kh2 Rgh5 30. f3 Kc6 31. Kg3 Re8 32. Kf2 Kb5 33. Ra1 Reh8 34. Ke3 Rg5 35. Kf2 Rgh5 36. Ke3 Rg5 37. Kf2 Rgh5 38. Bc1 Rf8 39. Be3 Rf6 40. Bc1 Rf8 41. Bb2 Re8 42. Rh1 Bxa5 43. Nd6+ Kc6 44. Nxe8 Rh8 45. Nxg7 Kd6 46. f4 Rg8 47. Ra1 1-0